000 01318nam a2200361 a 4500
999 _c187445
_d187445
003 BLK
005 20250102131755.0
008 180411b bul|||||r ||||||| ||bul||
010 _aKNG00196454000
020 _a978-619-150-207-3
040 _aBLK
041 _aBUL
_cBUL
080 _aШведска литература
_b821.113.6
_x-312.4
_z821.113.6-312.4
100 1 _aЛекберг, Камила
_eпърви автор
_988268
139 _aЛекберг, Камила
_bЛ 41
245 1 0 _aКаменоделецът
_bРоман
_cКамила Лекберг ; прев. от швед. Неда Димова-Бренстрьом.
257 _aSWE
260 _aСофия
_bКолибри
_c2013
_fСофия : Инвестпрес
300 _a415 с.
_c20 см
380 _aX
490 _aСъвременни трилъри
_9203127
500 _aОриг. загл. Stenhuggaren / Camilla Lackberg.
700 1 _aДимова-Бренстрьом, Неда Андреева
_eпрев. от швед.
_9370139
852 _aЦб 283238
852 _bП
_c821-31/Л 41 К
856 4 _qpdf
856 4 _qpdf
942 _cKNG
_n0
_058
_s1
944 _aCR
_c17.11.2016
_lЦветомила Тодорова
_k30576
944 _aED
_c2021-07-26
_kГГГ
999 _d187445
999 _d187445